| 000 | 01746nam a2200445 i 4500 | ||
|---|---|---|---|
| 001 | 193080 | ||
| 003 | SpMaBN | ||
| 005 | 20240708063024.0 | ||
| 007 | ta | ||
| 008 | 230727s2007 sp | |||| 00 0 spa | ||
| 015 | _aMON07 | ||
| 017 |
_aM 41074-2007 _bOficina Depósito Legal Madrid |
||
| 020 | _a9788461187218 | ||
| 035 | _a(OCoLC)433341618 | ||
| 035 | _aa3294689 | ||
| 040 |
_aSpMaBN _bspa _cSpMaBN _erdc |
||
| 080 | _a929 Francos Martín, Théo | ||
| 080 | _a94(460)"1936/39" | ||
| 080 | _a355.48(100)"1939/45" | ||
| 100 | 1 |
_aDiger, Christine _0XX4423367 _9233916 |
|
| 245 | 1 | 3 |
_aUn otoño para salvar Madrid : _bhistoria de Théo, combatiente por la libertad / _cChristine Diger ; traducción de José Ignacio García Muniozguren |
| 260 |
_aMadrid : _bAABI, _c[2007] |
||
| 300 |
_a150 p. : _bil., mapa ; _c21 cm |
||
| 336 |
_2rdacontent _aTexto |
||
| 337 |
_2rdamedia _asin mediación |
||
| 338 |
_2rdacarrier _avolumen |
||
| 490 | 1 |
_aCuadernos biográficos de las Brigadas Internacionales ; _v2 |
|
| 500 | _aCatalogación provisional. Signatura: N 8585. Depósito J. | ||
| 600 | 1 | 7 |
_aThéo, _d1914- _2embne _9233917 |
| 650 | 4 |
_aGuerra mundial, 1939-1945- _xParticipación española _2embne _913251 |
|
| 651 | 4 |
_aEspaña- _xHistoria- _y1936-1939, Guerra civil _2embne _98292 |
|
| 830 |
_9191147 _aCuadernos biográficos de las Brigadas Internacionales ; _v2 |
||
| 852 |
_aES-MaACL _9200386 _bR.153214 _jN-8585 _cDEPOJ _hDonación: Editorial _zEn proceso |
||
| 942 |
_n0 _cMONOGRAFIA |
||
| 999 |
_c193080 _d193080 |
||